Từ độ xa người = Haus ohne huter

Αποθηκεύτηκε σε:
Λεπτομέρειες βιβλιογραφικής εγγραφής
Κύριος συγγραφέας: Heinrich Boll
Μορφή: Βιβλίο
Γλώσσα:Undetermined
Έκδοση: Hà Nội VHDT 2000
Θέματα:
Ετικέτες: Προσθήκη ετικέτας
Δεν υπάρχουν, Καταχωρήστε ετικέτα πρώτοι!
Thư viện lưu trữ: Trung tâm Học liệu Trường Đại học Cần Thơ
LEADER 00538nam a2200181Ia 4500
001 CTU_37918
008 210402s9999 xx 000 0 und d
082 |a 833.91 
082 |b B689t 
100 |a Heinrich Boll 
245 0 |a Từ độ xa người 
245 0 |b = Haus ohne huter 
245 0 |c Heinrich Boll; Dịch giả: Lý Quốc Sinh 
260 |a Hà Nội 
260 |b VHDT 
260 |c 2000 
650 |a german fiction,german literature - 20th century 
980 |a Trung tâm Học liệu Trường Đại học Cần Thơ